00659nam a2200181 a 450000100100000000500170001000800410002704000250006824500400009326000640013330000200019750000420021750000310025971000560029004900090034695201050035599900170046000002806520200930031324.0110406s19uu dr 000 0 spa d aDO-SdBNPbspacBNPHU00aGeografía general y de América. aSanto Domingo :bAcción Pro-Educación y Cultura,c199-? a20 p. ;c28 cm. aCurso primero de la educación media aCursos por correspondencia2 aInstituto Dominicano de Educación Integral936880 aBNPD 0010718PDaPDbPDcCTd2011-04-06iLF1l0o p28065-10r2020-06-25w2020-06-25yLFPDZNo se presta c27557d27557